000 00852nam a22002417a 4500
003 DO-SdBNP
005 20240530073925.0
008 210517b 2012 dr 00| 0 eng d
020 _a9781620500606
040 _aDO-SdBNP
_bspa
_cBNPHU
082 4 _aRD863.44
_bP579p
_222
100 1 _aPía, Yira
_978595
245 1 0 _aLa pirámide del jardín :
_bun relato de crecimiento espiritual /
_cYira Pía ; corrección y cuidado de la edición: Eduardo Díaz Guerra ; prólogo Emi Soriam.
260 _aSanto Domingo :
_bMediabyte,
_c2012.
300 _a410 p. ;
_c22 cm.
590 _aInventariado, 2021 /LP
650 0 _aNovela dominicana
_9223
650 4 _aLiteratura dominicana
_978645
700 1 _aDíaz Guerra, Eduardo,
_eed.
_96661
700 1 _aSoriam, Emi,
_epról.
_978597
910 _aLoPérez/Validado. Control de calidad MFF
942 _2ddc
_cLBS1
999 _c49816
_d49816